000 00456nam a22001457a 4500
999 _c3381
_d3381
008 200610b ||||| |||| 00| 0 eng d
082 0 0 _a621.38173
_bJ254
100 _92820
_aJain, R. P.
245 1 0 _aDigital electronics practice using integrated circuits /
_cby R. P. Jain and M. M. S. Anand
260 _aNew Delhi
_bTata McGraw Hill
_c1983
300 _ax, 323 p.
650 0 _aDigital Integrated Circuits
700 _92822
_aAnand, M. M. S.
942 _cBK